Score 0/20 Timer 03:00
1 Play Today
Movie Missing Word % Correct
____ DestinationFinal
95.7%
What ____ BeneathLies
95.3%
Shaun of the ____ Dead
93.3%
____ CreepersJeepers
92.7%
____ ActivityParanormal
78%
Cabin ____ Fever
77.7%
____ Me to HellDrag
70.2%
When a ____ CallsStranger
61.5%
30 Days of ____Night
60.4%
Let the ____ One InRight
56.3%
Movie Missing Word % Correct
House of 1000 ____Corpses
54.3%
The ____ KeySkeleton
52.6%
The ____ in ConnecticutHaunting
48%
____ HillSilent
47.9%
____ of the DamnedQueen
33.1%
The Midnight ____ TrainMeat
28.9%
____ of MarsGhosts
24.2%
____ FallsDarkness
22.8%
Dark ____ Water
16.8%
____ 3000Dracula
16.1%

Today's Daily Dose

Remove Ads.
Support Sporcle.
Get the best of Sporcle when you Go Orange. This ad-free experience offers more features, more stats, and more fun while also helping to support Sporcle. Thank you for becoming a member.

You're not logged in!

Compare scores with friends on all Sporcle quizzes.
OR
Log In

Show Comments

Extras

Top Quizzes Today


Score Distribution

Your Account Isn't Verified!

In order to create a playlist on Sporcle, you need to verify the email address you used during registration. Go to your Sporcle Settings to finish the process.

Report this User

Report this user for behavior that violates our Community Guidelines.

Details: